书目信息 |
| 题名: |
管理会计学
|
|
| 作者: | 王跃武 , 龚慧云 编著 | |
| 分册: | ||
| 出版信息: | 北京 清华大学出版社 2014 |
|
| 页数: | 367页 | |
| 开本: | 23cm | |
| 丛书名: | ||
| 单 册: | ||
| 中图分类: | F234.3 | |
| 科图分类: | ||
| 主题词: | 管理会计--高等教育--教材 , 管理会计 | |
| 电子资源: | ||
| ISBN: | 978-7-302-34938-9 | |
| 000 | 00980nam0 2200265 450 | |
| 001 | 139408 | |
| 005 | 20140911163129.64 | |
| 010 | @a978-7-302-34938-9@dCNY 39.80 | |
| 100 | @a20140424d2014 em y0chiy50 ea | |
| 101 | 0 | @achi |
| 102 | @aCN@b110000 | |
| 105 | @ay z 000yy | |
| 200 | 1 | @a管理会计学@Aguan li kuai ji xue@b专著@dManagement accounting@f王跃武,龚慧云编著@zeng |
| 210 | @a北京@c清华大学出版社@d2014 | |
| 215 | @a367页@d23cm | |
| 300 | @a“十二五”普通高等教育规划教材·经管系列 | |
| 330 | @a本书分两篇,共十四章。主要包括管理会计及其定位、管理会计的基本概念与方法、基于作业的成本计算与管理、战略成本管理、成本与定价决策、企业作业链中的成本管理、总预算与经营预测等内容。 | |
| 510 | 1 | @aManagement accounting@zeng |
| 606 | 0 | @a管理会计@x高等教育@j教材 |
| 606 | 0 | @a管理会计 |
| 690 | @aF234.3@v5 | |
| 701 | 0 | @a王跃武@Awang yue wu@4编著 |
| 701 | 0 | @a龚慧云@Agong hui yun@c(女,@f1974 )@4编著 |
| 801 | 0 | @aCN@bZL@c20140911 |
| 905 | @a241430@dF234.3@eW440 | |
| 管理会计学=Management accounting/王跃武,龚慧云编著.-北京:清华大学出版社,2014 |
| 367页;23cm |
| “十二五”普通高等教育规划教材·经管系列 |
| ISBN 978-7-302-34938-9:CNY 39.80 |
| 本书分两篇,共十四章。主要包括管理会计及其定位、管理会计的基本概念与方法、基于作业的成本计算与管理、战略成本管理、成本与定价决策、企业作业链中的成本管理、总预算与经营预测等内容。 |
| ● |
| 相关链接 |
|
|
|
正题名:管理会计学
索取号:F234.3/W440
 
预约/预借
| 序号 | 登录号 | 条形码 | 馆藏地/架位号 | 状态 | 备注 |
| 1 | 0830510 | 208305109 | 社科库409/409社科库 77排4列2层/ [索取号:F234.3/W440] | 在馆 | |
| 2 | 0830511 | 208305118 | 社科库409/409社科库 77排4列2层/ [索取号:F234.3/W440] | 在馆 | |
| 3 | 0830512 | 208305127 | 社科库409/409社科库 77排4列2层/ [索取号:F234.3/W440] | 在馆 |